[Event "European Senior Team Championship 2021"]
[Site "Don Giovanni hotel, Vinohradska 2733, Prague, Czech Republic"]
[Date "2021.08.30"]
[Round "1"]
[Board "4"]
[White "Baensch, Frank"]
[Black "Mortensen, Steen Juul"]
[Result "1-0"]
[WhiteElo "1682"]
[BlackElo "1938"]
[PlyCount "0"]
[EventDate "2021.08.30"]
[EventType "team"]
[EventRounds "9"]
[EventCountry "ECX"]
[WhiteTeam "DRESDENER SPRINGER"]
[BlackTeam "SK 2012"]

1. Nf3 {[%clk 1:30:53]} Nf6 {[%clk 1:30:52]} 2. d4 {[%clk 1:31:09]} g6
{[%clk 1:31:05]} 3. c4 {[%clk 1:31:07]} Bg7 {[%clk 1:31:27]} 4. Nc3
{[%clk 1:31:14]} O-O {[%clk 1:31:24]} 5. Bf4 {[%clk 1:29:09]} d6 {[%clk 1:30:57]}
6. e3 {[%clk 1:27:19]} Nbd7 {[%clk 1:30:02]} 7. h3 {[%clk 1:26:01]} Re8
{[%clk 1:26:33]} 8. Be2 {[%clk 1:24:59]} c6 {[%clk 1:23:40]} 9. Rc1
{[%clk 1:21:02]} Qa5 {[%clk 1:17:03]} 10. Qa4 {[%clk 1:18:46]} Qxa4
{[%clk 1:12:45]} 11. Nxa4 {[%clk 1:19:04]} Ne4 {[%clk 1:08:23]} 12. Nc3
{[%clk 1:17:59]} Nxc3 {[%clk 1:07:24]} 13. bxc3 {[%clk 1:16:36]} e5
{[%clk 1:05:53]} 14. Bg3 {[%clk 1:12:48]} b6 {[%clk 1:00:05]} 15. O-O
{[%clk 1:08:47]} Ba6 {[%clk 0:51:35]} 16. Rfe1 {[%clk 1:04:26]} Rac8
{[%clk 0:44:06]} 17. Rc2 {[%clk 0:58:51]} d5 {[%clk 0:31:05]} 18. cxd5
{[%clk 0:52:17]} Bxe2 {[%clk 0:31:22]} 19. dxc6 {[%clk 0:52:26]} Rxc6
{[%clk 0:30:34]} 20. Rexe2 {[%clk 0:52:40]} Rec8 {[%clk 0:24:09]} 21. Nxe5
{[%clk 0:44:11]} Nxe5 {[%clk 0:24:08]} 22. Bxe5 {[%clk 0:44:00]} Bxe5
{[%clk 0:24:07]} 23. dxe5 {[%clk 0:44:15]} Kf8 {[%clk 0:23:06]} 24. f4
{[%clk 0:39:41]} Ke7 {[%clk 0:21:08]} 25. g4 {[%clk 0:38:20]} Rxc3
{[%clk 0:14:56]} 26. Rxc3 {[%clk 0:38:29]} Rxc3 {[%clk 0:15:26]} 27. Kf2
{[%clk 0:35:49]} Rc1 {[%clk 0:14:37]} 28. e4 {[%clk 0:32:57]} Rc3
{[%clk 0:14:18]} 29. Re3 {[%clk 0:31:12]} Rc2+ {[%clk 0:14:41]} 30. Re2
{[%clk 0:31:12]} Rc3 {[%clk 0:15:06]} 31. Kg2 {[%clk 0:31:06]} Ke6
{[%clk 0:13:57]} 32. h4 {[%clk 0:31:06]} Ke7 {[%clk 0:10:52]} 33. f5
{[%clk 0:30:03]} Rc5 {[%clk 0:10:22]} 34. Kf3 {[%clk 0:28:04]} Rxe5
{[%clk 0:09:45]} 35. Kf4 {[%clk 0:28:22]} f6 {[%clk 0:05:57]} 36. Rc2
{[%clk 0:26:38]} Kd6 {[%clk 0:02:09]} 37. g5 {[%clk 0:24:10]} gxf5
{[%clk 0:01:20]} 38. exf5 {[%clk 0:23:23]} Rb5 {[%clk 0:00:38]} 39. gxf6
{[%clk 0:23:07]} Rb4+ {[%clk 0:00:58]} 40. Kg5 {[%clk 0:23:23]} Re4
{[%clk 0:01:19]} 41. f7 {[%clk 0:22:34]}  1-0